000 00857nac a22002051u 4500
010 _a2005033620
020 _a0321358287 (alk. paper)
082 0 0 _a005.1
_bL6664
090 _c614
_d614
100 _aLevitin, Anany.
245 1 0 _aIntroduction to the design & analysis of algorithms /
_cAnany Levitin.
246 3 0 _aIntroduction to the design and analysis of algorithms
260 _aNew Delhi :
_bPearson Education,
_cc2004.
300 _a497 p. :
_bill. ;
_c24 cm.
504 _aIncludes bibliographical references and index.
650 0 _aComputer algorithms.
856 4 1 _3Table of contents
_uhttp://www.loc.gov/catdir/toc/ecip063/2005033620.html
942 _cBB
_k005.1L6664
999 _c614
_d614